000 00349nam a2200145Ia 4500
008 220923s9999 xx 000 0 und d
020 _a9789-93-5143-000-1
082 _bSHU
100 _aSHUKLA, GIRJESH
245 0 _aCRIMINOLOGY
260 _bLEXIS NEXIS, GURGAON
_c2013
300 _a251
650 _aCriminology and Penology
942 _cBK
999 _c195136
_d195136